[Event "18th Prague Open-A 2019"]
[Site "Prague"]
[Date "2019.01.15"]
[Round "6"]
[White "Schnabel, Ralf"]
[Black "Low, Zhen Yu Cyrus"]
[Result "0-1"]
[WhiteElo "2206"]
[BlackElo "2385"]
[Annotator "TA"]
[PlyCount "37"]
[EventDate "2019.01.11"]
[EventType "swiss"]
[EventCountry "CZE"]
[SourceTitle "playchess.com"]
[Source "ChessBase"]
[SourceQuality "1"]

{[%evp 9,37,21,24,4,33,28,32,-16,-9,-21,31,5,2,1,7,6,25,16,30,-95,-93,-153,-156,-151,-156,-229,-226,-271,-277,-490]} 1. e4 g6 2. Nc3 Bg7 3. h4 {[%cal Bh2h4,Bh4h5][%mdl 32]} c5 4. h5 Nc6 5. d3 e6 {[%cal Be7e6,Be6e5][%mdl 32]} 6. Bf4 $146 {B06: Modern Defence} ({Predecessor:} 6. Be3 Qa5 7. Bd2 Qd8 8. Be3 Qa5 9. Qd2 b5 10. e5 f5 11. exf6 Nxf6 {½-½ (41) Wei,Y (2732)-Maghsoodloo,P (2577) Chengdu 2017}) 6... d6 7. Qd2 Nd4 8. Nd1 {White is slightly better.} e5 9. Be3 d5 ({Black should try} 9... Nf6 $11) 10. f3 Ne7 11. c4 dxc4 12. dxc4 Be6 13. Nc3 Qa5 14. Bd3 {[#]} (14. Kf2 $11 {keeps the balance.}) 14... Nb3 $1 $36 {[%cal Rb3d2][%mdl 2560] Black is on the roll.} 15. Qd1 (15. axb3 $142 Qxa1+ 16. Kf2) 15... Nxa1 16. Qxa1 O-O-O 17. Be2 (17. Qb1 $17 {was worth a try.}) 17... Nc6 $19 18. b3 Nb4 {[#] ...Nc2+ is the strong threat.} 19. Kf2 $2 {Precision: White = 30%, Black = 50%.} (19. Qb1) 0-1

[Event "18th Prague Open-A 2019"]
[Site "Prague"]
[Date "2019.01.15"]
[Round "6"]
[White "Pniaczek, Marek"]
[Black "Neuman, Petr"]
[Result "0-1"]
[WhiteElo "2146"]
[BlackElo "2428"]
[Annotator "TA"]
[PlyCount "76"]
[EventDate "2019.01.11"]
[EventType "swiss"]
[EventCountry "CZE"]
[SourceTitle "playchess.com"]
[Source "ChessBase"]
[SourceQuality "1"]

{[%evp 15,76,0,0,-3,-7,-28,-18,-22,-6,-35,-39,-43,-22,-16,-4,-11,-10,-25,-30,-29,-17,-26,-24,-17,-19,-30,-25,-35,0,0,0,0,0,0,0,0,0,0,0,0,0,0,0,0,0,0,0,-4,0,0,0,-2,-2,-2,-2,-4,-4,-152,-148,-4622,-4614,-4606,-1818]} 1. e4 c5 2. Nf3 d6 3. d4 Nf6 4. Bb5+ Bd7 5. Bxd7+ Qxd7 6. dxc5 {B53: Sicilian: 2...d6: Lines with Qxd4} Nxe4 7. cxd6 Nxd6 8. O-O Nc6 {LiveBook: 19 Games} 9. Nc3 g6 10. Qe2 $146 ({Predecessor:} 10. Bf4 Bg7 11. Bxd6 Bxc3 12. bxc3 Qxd6 13. Qxd6 exd6 {½-½ (21) Fedorov,A (2617)-Georgiev,K (2680) Fuegen 2006}) 10... Bg7 11. Nd5 O-O 12. c3 e6 {[%cal Be7e6,Be6e5,Be5e4][%mdl 32]} 13. Ne3 Qe7 14. Nc4 Nxc4 15. Qxc4 Rac8 16. Qe2 e5 17. Bg5 f6 18. Be3 b6 19. Rad1 f5 20. Rfe1 h6 21. Qb5 e4 22. Nd4 Bxd4 23. Bxd4 Qe6 24. f3 Rfd8 25. fxe4 Nxd4 26. cxd4 fxe4 27. d5 Qe5 28. Qa4 (28. Qb3 {is more complex.} Rd6 29. Qe3 Re8 30. Qxh6 Qxb2 31. Re3) 28... Rxd5 29. Rxd5 Qxd5 30. Qxe4 Qxe4 31. Rxe4 $11 {[%mdl 4096] Endgame KR-KR} Rc2 32. Re7 a5 {[%cal Ba7a5,Ba5a4,Ba4a3][%mdl 32]} 33. Re6 Rxb2 {[#] Strongly threatening ...Kf7.} 34. Rxg6+ Kh7 35. Rc6 b5 36. Rc5 {[#]} (36. a3 $11 {keeps the balance.}) 36... a4 $1 $17 {[%cal Ra4a3] And now ...a3 would win.} ({Don't take} 36... Rxa2 37. Rxb5 Ra1+ 38. Kf2 $15) 37. a3 $2 {[%mdl 8192]} (37. h4 $17) 37... b4 $19 38. axb4 a3 {Accuracy: White = 48%, Black = 77%.} 0-1

[Event "18th Prague Open-A 2019"]
[Site "Prague"]
[Date "2019.01.15"]
[Round "6"]
[White "Vojta, Jakub"]
[Black "Gschnitzer, Oswald"]
[Result "0-1"]
[WhiteElo "2118"]
[BlackElo "2370"]
[Annotator "TA"]
[PlyCount "110"]
[EventDate "2019.01.11"]
[EventType "swiss"]
[EventCountry "CZE"]
[SourceTitle "playchess.com"]
[Source "ChessBase"]
[SourceQuality "1"]

{[%evp 17,110,0,3,-20,26,39,14,-2,9,17,11,0,0,0,0,-12,0,0,0,0,0,-6,21,3,16,17,8,0,19,19,42,0,14,-3,-3,-2,37,44,70,72,80,0,91,92,94,90,91,78,81,10,8,1,108,15,42,0,41,0,36,0,0,-9,-14,-68,-68,-133,-133,-133,-133,-135,-137,-113,-88,-238,-238,-226,-168,-1900,-1417,-4850,-4133,-1249,-783,-6086,-6087,-3164,-719,-6079,-5418,-5065,-5065,-2360,-2262,-6079,-5218]} 1. e4 c5 2. Nf3 Nc6 3. Bb5 g6 4. O-O Bg7 5. Re1 e5 6. b4 Nxb4 7. Bb2 {B31: Sicilian: 2...Nc6 3 Bb5 g6} Qc7 (7... a6 8. a3 axb5 9. axb4 Rxa1 10. Bxa1 d6 11. bxc5 Ne7 12. Qe2 b4 13. Qc4 Qa5 14. cxd6 Be6 {½-½ (34) Caruana,F (2832)-Carlsen,M (2835) London 2018}) 8. c3 Nc6 9. d4 d6 {LiveBook: 4 Games} 10. Na3 Bd7 (10... a6 $5 {[%cal Ra6b5]} 11. Bxc6+ Qxc6 $11) 11. dxc5 dxc5 12. Qd5 Nge7 (12... Nf6 {is interesting.} 13. Qxc5 Bf8 14. Qc4 Be6 15. Qe2 Bc5) 13. Qxc5 b6 14. Qe3 O-O 15. Red1 $146 Rad8 16. c4 Bg4 17. Nc2 Rxd1+ 18. Rxd1 Rd8 19. Rd3 Na5 20. Nb4 Rxd3 21. Qxd3 Nb7 22. Na6 Nc5 23. Nxc5 bxc5 24. Bc3 f6 25. Ne1 Be6 26. Nc2 Kf7 27. Ne3 $36 {[%mdl 2048] White is more active.} f5 28. f3 Qb6 29. Nd5 ({White should try} 29. a4 $16) 29... Qd6 (29... fxe4 $11 {keeps the balance.} 30. fxe4 Bxd5 31. exd5 e4 32. Qf1+ Nf5) 30. Ba5 $16 Nxd5 31. cxd5 Bc8 32. Bc6 Bh6 33. Qc4 (33. Bc3 $16) 33... Be3+ $11 34. Kh1 Ke7 {[#]} (34... Kg7 $11 {remains equal.}) 35. Qb3 (35. exf5 $1 $16 Bd4 36. fxg6 hxg6 37. Qb5) 35... f4 36. Be1 g5 37. a4 Qc7 38. Qb5 Qb6 39. Ba5 Qxb5 40. Bxb5 {[%mdl 4096] Endgame KBB-KBB} ({Better is} 40. axb5 $11 Kd6 41. g4) 40... Bd7 $15 41. g3 ({White has to play} 41. Bc4 $1 $15) 41... Bxb5 $17 42. axb5 fxg3 43. hxg3 {KB-KB} h5 44. Kg2 {[#]} c4 $1 45. Bc3 (45. Kf1 $17) 45... Bd4 $19 46. Bd2 Kf6 47. f4 $2 (47. Bc1) 47... gxf4 {Black is clearly winning.} 48. gxf4 c3 49. Bc1 exf4 50. Bxf4 Be5 51. Bc1 c2 (51... Bd6 $142 52. Kf3 h4) 52. Kh3 Kg6 53. Kg2 Bf6 54. d6 Kf7 55. Ba3 Ke6 {Accuracy: White = 31%, Black = 52%.} 0-1

[Event "18th Prague Open-A 2019"]
[Site "Prague"]
[Date "2019.01.15"]
[Round "6"]
[White "Mulenko, Alexander"]
[Black "Vojta, Tomas"]
[Result "0-1"]
[WhiteElo "2090"]
[BlackElo "2351"]
[Annotator "TA"]
[PlyCount "120"]
[EventDate "2019.01.11"]
[EventType "swiss"]
[EventCountry "CZE"]
[SourceTitle "playchess.com"]
[Source "ChessBase"]
[SourceQuality "1"]

{[%evp 12,119,16,10,29,15,39,45,53,39,50,28,53,52,62,35,56,32,48,44,51,46,38,38,77,0,-13,-69,-95,-106,-63,-105,-102,-129,-128,-120,-131,-136,-110,-132,-127,-152,-139,-196,-187,-299,-298,-298,-287,-264,-293,-287,-272,-237,-229,-220,-110,-127,-125,-205,-115,-215,-196,-335,-244,-2425,-2106,-4834,-4834,-4666,-4097,-2534,-2429,-2340,-2297,-2036,-1610,-4905,-4630,-4622,-1911,-29963,-29968,-29970,-29972,-29971,-29971,-29970,-29973,-29968,-29969,-29981,-29982,-29982,-29983,-29983,-29984,-29984,-29985,-29985,-29986,-29986,-29986,-29986,-29987,-29987,-29988,-29988,-29989,-29999]} 1. g3 e5 2. c4 Nc6 3. Bg2 g6 4. Nc3 Bg7 5. Rb1 d6 6. b4 h5 $146 {A25: English Opening vs King's Indian with ...Nc6 but without early d3} (6... f5 7. b5 Nce7 8. d3 Nf6 9. e3 O-O 10. Nge2 g5 11. f4 exf4 12. exf4 g4 13. O-O h5 14. Re1 h4 15. Be3 {½-½ (32) Aronian,L (2780)-Duda,J (2739) Batumi 2018}) 7. b5 {LiveBook: 3 Games} Nce7 8. h4 Nh6 {The position is equal.} 9. d3 O-O 10. e4 Be6 11. Nge2 c6 12. O-O Qd7 13. Bd2 Kh7 14. bxc6 bxc6 15. Qb3 Rac8 16. Qb7 {And now Qxd7 would win.} Rc7 17. Qa6 f5 18. f4 ({White should try} 18. exf5 $16 gxf5 19. Rb3) 18... Ng4 $11 19. Nd1 (19. Qa3 $11) 19... fxe4 $15 20. dxe4 Qc8 (20... Nc8 {looks sharper.} 21. Ne3 exf4 22. gxf4 Nxe3 23. Bxe3 Nb6) 21. Qxc8 Nxc8 22. fxe5 Rxf1+ 23. Bxf1 Nxe5 24. Ba5 Rf7 25. Nf4 Bxc4 26. Rb8 Nb6 27. Bxb6 (27. Bxc4 $17 {might work better.} Nbxc4 28. Bc3) 27... axb6 $19 28. Rxb6 (28. Bxc4 $142 Nxc4 29. Ne6) 28... Bxf1 ({Don't play} 28... Bxa2 29. Kg2 $17) 29. Kxf1 Bh6 30. Nf2 Bxf4 31. gxf4 Rxf4 {[%mdl 4096] Endgame KRN-KRN} 32. Kg2 Kh6 33. a4 d5 (33... Rxh4 $19 34. a5 Rf4) 34. exd5 cxd5 35. Re6 {[#]} (35. Rb5 $17) 35... Ng4 (35... Nf7 $1 $19 36. a5 Rxh4) 36. Nh3 (36. Nxg4+ $17 Rxg4+ {[%mdl 64] Double Attack} 37. Kh3) 36... Rxa4 37. Re7 (37. Ng5 {is a better defense.}) 37... Ra2+ 38. Kg3 $2 (38. Kg1) 38... Ra3+ 39. Kg2 Ne3+ 40. Kh2 Nf1+ 41. Kg2 Rg3+ 42. Kxf1 Rxh3 {KR-KR} 43. Rd7 Rxh4 44. Rxd5 Rh2 45. Kg1 Ra2 (45... Rb2 $142 46. Rd4 Kg5 47. Rd5+ Kg4 48. Rd4+ Kf5 49. Rd5+ Ke6) 46. Rb5 h4 {[%cal Bh5h4,Bh4h3][%mdl 32] Black mates.} 47. Kh1 g5 {[%cal Bg6g5,Bg5g4,Bg4g3][%mdl 32]} 48. Kg1 Kh5 49. Rb4 h3 50. Rc4 g4 51. Rb4 g3 52. Rb5+ Kg4 53. Rb4+ Kf5 54. Rb5+ Ke4 55. Rb4+ Kd5 56. Rb5+ Kc4 57. Rb1 Rd2 58. Ra1 Kb3 59. Kh1 Kb2 60. Rg1 Rh2# {Accuracy: White = 36%, Black = 70%.} 0-1

[Event "18th Prague Open-A 2019"]
[Site "Prague"]
[Date "2019.01.16"]
[Round "7"]
[White "Frolov, Artur"]
[Black "Zhang, Ziji"]
[Result "1-0"]
[WhiteElo "2430"]
[BlackElo "2387"]
[Annotator "TA"]
[PlyCount "59"]
[EventDate "2019.01.11"]
[EventType "swiss"]
[EventCountry "CZE"]
[SourceTitle "playchess.com"]
[Source "ChessBase"]
[SourceQuality "1"]

{[%evp 34,59,26,25,49,52,57,46,49,79,103,106,131,108,108,108,237,247,239,91,97,0,229,225,264,269,603,581]} 1. e4 e5 2. Nf3 Nc6 3. Bb5 a6 4. Ba4 Nf6 5. O-O Be7 6. Re1 b5 7. Bb3 d6 8. c3 O-O 9. h3 Bb7 10. d4 Re8 11. Nbd2 Bf8 12. Bc2 h6 13. d5 Nb8 14. b3 c6 15. c4 Nbd7 16. a4 {C95: Closed Ruy Lopez: Breyer Variation with 10 d4} (16. Nf1 Qc7 17. Be3 a5 18. Rc1 Ba6 19. cxb5 Bxb5 20. Bd3 Qb7 21. Bxb5 cxb5 22. Ng3 Rec8 23. Qd3 h5 {½-½ (95) Caruana,F (2807)-Ding,L (2755) Saint Louis 2016}) 16... bxc4 17. bxc4 a5 18. Nb3 {LiveBook: 5 Games. White has an edge.} Qc7 19. Bd2 cxd5 $146 ({Predecessor:} 19... Nc5 20. Re3 Nxb3 21. Bxb3 Be7 22. Nh2 Bd8 23. Rc1 {1-0 (104) Fogarasi,T (2500)-Acs,P (2440) Budapest 1996}) 20. cxd5 Nc5 21. Nxc5 Qxc5 22. Bd3 Ba6 23. Bxa6 Rxa6 24. Rc1 $36 {[%mdl 2048] Keeping Black busy.} Qa3 (24... Qa7 $16) 25. Re3 $1 $18 {[%cal Re3a3]} Qa2 26. Re2 (26. Bc3 $1 $18 {and the rest is easy.}) 26... Qa3 $16 27. Re3 (27. Be1 $16) 27... Qa2 $1 $18 28. Bc3 $1 Rc8 {[#]} 29. Nd2 $1 Qa3 $2 {[#]} (29... Nxd5 30. exd5 Qxd5) 30. Nb1 $1 {Precision: White = 65%, Black = 18%.} 1-0

[Event "18th Prague Open-A 2019"]
[Site "Prague"]
[Date "2019.01.16"]
[Round "7"]
[White "Neuman, Petr"]
[Black "Csiki, Endre"]
[Result "1/2-1/2"]
[WhiteElo "2428"]
[BlackElo "2264"]
[Annotator "TA"]
[PlyCount "106"]
[EventDate "2019.01.11"]
[EventType "swiss"]
[EventCountry "CZE"]
[SourceTitle "playchess.com"]
[Source "ChessBase"]
[SourceQuality "1"]

{[%evp 12,106,-4,-20,-18,-18,-18,-21,-3,-6,-8,-9,-14,-5,-1,-13,-6,-30,-7,-27,-18,-37,0,0,0,-21,-11,-7,79,89,60,20,37,33,31,23,60,50,84,45,57,39,167,160,164,172,171,102,92,104,108,87,95,89,95,88,107,102,96,0,0,0,13,0,0,-16,63,20,147,-29,-22,-27,-43,-66,-72,-53,-53,-112,-104,-106,-102,-200,-201,-187,0,0,0,-173,-8,-8,-8,-8,-8,-8,-8,-8,182]} 1. g3 g6 2. Bg2 Bg7 3. e4 c5 4. h4 (4. Ne2 Nc6 5. c3 e5 6. O-O Nge7 7. d3 d5 8. a4 O-O 9. Na3 Be6 10. Qc2 Qd7 11. Rd1 Bh3 12. Be3 Bxg2 13. Kxg2 b6 14. d4 cxd4 15. cxd4 dxe4 16. dxe5 {0-1 (71) Caruana,F (2816)-So,W (2778) Leuven 2018}) 4... h5 5. d3 Nc6 6. Nc3 {A00: Irregular Openings} d6 7. Nh3 {LiveBook: 8 Games} Bg4 8. f3 Bd7 9. Be3 Nd4 $146 ({Predecessor:} 9... b5 10. Qd2 b4 11. Nd1 {0-1 (33) Vater,R (2066)-Sobolevsky,L (2303) Jena 2009}) 10. Qd2 e6 11. Nd1 Ne7 12. c3 Ndc6 13. Ndf2 Qa5 14. O-O d5 {[%cal Bd6d5,Bd5d4][%mdl 32]} 15. Qc2 d4 16. Bd2 Qc7 17. f4 e5 18. Ng5 f6 19. Nf3 O-O-O (19... Bg4 $11) 20. fxe5 $16 fxe5 21. Ng5 {Threatens to win with Nf7.} Rhf8 22. c4 Ng8 23. a3 Qd6 24. b4 Kb8 25. Rab1 Nh6 26. bxc5 Qe7 (26... Qc7 $1 $14) 27. Nh7 $18 Rh8 28. Bg5 {[%mdl 64] Skewer} Qxc5 29. Bxd8 (29. Qb2 $18 {[%csl Gb1][%cal Rb2b7]} b6 30. Bxd8 Nxd8 31. Ng5) 29... Nxd8 $16 30. Ng5 Qe7 31. Bh3 Ng4 32. Nxg4 hxg4 33. Bg2 Bh6 {[#]} 34. Qd2 $1 Bc8 35. Qb4 (35. Rb2 $16) 35... Bxg5 $11 36. hxg5 Qxg5 37. Qd6+ Ka8 {Strongly threatening ...Qe3+.} 38. Qf6 Qh6 (38... Qe3+ $1 $11 39. Rf2 Rg8) 39. Rf2 (39. Qxe5 {feels hotter.} Nc6 40. Qf4 g5 41. Qf6 Qh2+ 42. Kf2) 39... Ne6 (39... Qh2+ $11 {remains equal.} 40. Kf1 Nc6) 40. Qh4 $2 ({White has to play} 40. Qxe5 $16 {Black must now prevent Kf1.} Ng5 41. Kf1 (41. Qxd4 Nh3+ 42. Kf1 Nxf2 $16)) 40... Qxh4 41. gxh4 Nf4 42. Bf1 Bd7 $1 43. Rfb2 Bc6 $1 44. Kf2 (44. Rh2 $15) 44... Rxh4 $17 45. Kg3 g5 46. Rh2 (46. Rf2 $17 {was called for.}) 46... Nh5+ $19 47. Kg2 Nf4+ 48. Kg3 Nh5+ 49. Kg2 g3 $2 (49... Kb8 $19 50. Rb2 Bd7) 50. Rxh4 $11 {The position is equal.} gxh4 51. Kh3 Nf4+ 52. Kxh4 g2 {[#]} 53. Bxg2 $1 {[%mdl 512]} Ba4 $2 {Accuracy: White = 37%, Black = 43%.} (53... Nxg2+ $11 {and Black stays safe.} 54. Kg5 Nf4) 1/2-1/2

[Event "18th Prague Open-A 2019"]
[Site "Prague"]
[Date "2019.01.16"]
[Round "7"]
[White "Liu, Guanchu"]
[Black "Liu, Zhaoqi"]
[Result "1-0"]
[WhiteElo "2425"]
[BlackElo "2300"]
[Annotator "TA"]
[PlyCount "95"]
[EventDate "2019.01.11"]
[EventType "swiss"]
[EventCountry "CZE"]
[SourceTitle "playchess.com"]
[Source "ChessBase"]
[SourceQuality "1"]

{[%evp 18,95,0,0,0,0,0,0,10,0,20,7,25,18,18,16,7,4,12,0,30,22,44,15,16,-10,-8,-15,16,20,41,45,127,123,109,118,107,96,137,147,190,192,181,179,175,161,323,143,160,157,170,170,193,167,538,538,554,562,519,552,529,524,497,489,555,451,579,575,552,511,484,498,624,416,945,929,947,1000,1347,1323]} 1. e4 e6 2. d4 d5 3. Nd2 Be7 4. e5 c5 5. c3 cxd4 6. cxd4 {C03: French Tarrasch: Unusual Black 3rd moves} Qb6 7. Ndf3 Bb4+ 8. Bd2 Nc6 9. Bxb4 Qxb4+ 10. Qd2 {LiveBook: 8 Games} Nge7 $146 ({Predecessor:} 10... Qxd2+ 11. Kxd2 Bd7 12. Bd3 Nge7 {1-0 (106) Gharamian,T (2626)-Bellahcene,B (2475) Bastia 2016}) 11. Bd3 Bd7 12. Ne2 Qxd2+ 13. Kxd2 O-O 14. Rac1 Rac8 15. Rc3 Nb4 16. Bb1 Rxc3 17. Nxc3 Nbc6 18. Bd3 a6 19. b3 b5 20. Bb1 f6 21. exf6 gxf6 22. Re1 Nc8 23. Re3 Nd6 24. Ne2 f5 (24... a5 $14) 25. Ne5 $16 Nxe5 26. dxe5 Ne4+ 27. Bxe4 $1 dxe4 {[%mdl 4096] Endgame KRB-KRN} 28. Rc3 Rd8 29. Ke3 Kf7 30. Rc7 Ke7 31. Nf4 a5 $2 (31... Ra8 {was worth a try.} 32. Nh5 Kd8) 32. Kd4 (32. Nh5 $1 $18 {and the rest is easy.}) 32... a4 {[#]} 33. b4 $1 Rb8 34. a3 Kd8 35. Rc3 Ke7 $2 {[#]} (35... h6 {is tougher.} 36. Nh5 Rb7) 36. Rh3 $1 $18 Rb6 37. Rxh7+ Kd8 {intending ...Rc6.} 38. Rh3 Rb7 39. Rc3 Bc8 40. Rc6 Bd7 41. Rc2 Ke7 42. h4 {[%cal Bh2h4,Bh4h5,Bh5h6][%mdl 32]} Be8 43. Ke3 Rd7 44. Rc6 Bf7 45. Ke2 Rd8 (45... Kf8 $142 46. h5 Re7) 46. Rc7+ {White is clearly winning.} Kf8 47. h5 Rd4 48. h6 {Accuracy: White = 70%, Black = 33%.} 1-0

[Event "18th Prague Open-A 2019"]
[Site "Prague"]
[Date "2019.01.16"]
[Round "7"]
[White "Kacharava, Nikolozi"]
[Black "Postny, Evgeny"]
[Result "0-1"]
[WhiteElo "2397"]
[BlackElo "2623"]
[Annotator "TA"]
[PlyCount "140"]
[EventDate "2019.01.11"]
[EventType "swiss"]
[EventCountry "CZE"]
[SourceTitle "playchess.com"]
[Source "ChessBase"]
[SourceQuality "1"]

{[%evp 14,140,49,49,44,42,49,35,48,52,50,22,49,36,47,14,22,0,0,0,0,0,0,0,0,0,0,0,10,0,0,0,0,0,0,0,0,0,0,0,0,-7,-3,0,0,0,0,0,0,0,0,-17,-11,-48,-24,-42,-35,-36,-37,-39,-35,-115,-108,-112,-106,-105,-106,-180,-183,-252,-173,-173,-172,-247,-244,-255,-248,-229,-239,-248,-255,-244,-252,-247,-241,-252,-263,-257,0,-259,-257,-437,-427,-472,-312,-381,-367,-374,-236,-236,-236,-545,-523,-1074,-1074,-1141,-1121,-1100,-1011,-29962,-29963,-29965,-29968,-29968,-29968,-29968,-29968,-29965,-29962,-29967,-29963,-6396,-6271,-29980,-29981,-29981,-29982,-29982,-29983]} 1. e4 c6 2. d4 d5 3. Nd2 dxe4 4. Nxe4 Bf5 5. Nc5 Nd7 (5... e5 6. Nxb7 Qb6 7. Nc5 Bxc5 8. dxc5 Qxc5 9. c3 Nf6 10. Be3 Qe7 11. Ne2 O-O 12. Ng3 Rd8 13. Qc1 Bg6 {½-½ (54) Ivanchuk,V (2738)-Navara,D (2737) Prague 2017}) 6. Bd3 {B18: Classical Caro-Kann: 4...Bf5 sidelines} Nxc5 7. Bxf5 e6 8. Bh3 {LiveBook: 3 Games. White is slightly better.} Nd7 9. Nf3 Ngf6 10. O-O Bd6 11. g3 O-O 12. Qe2 Qc7 13. c4 $146 ({Predecessor:} 13. Re1) 13... Rfe8 14. Rd1 e5 15. dxe5 Nxe5 16. Nxe5 Bxe5 17. Be3 c5 18. Qc2 Rad8 19. Rxd8 Rxd8 20. Re1 Qa5 21. Re2 Bd4 22. b3 Bxe3 23. Rxe3 Qc7 24. Bg2 b6 25. Bf3 g6 26. Kg2 Rd4 27. Qc3 Qd6 28. Re2 a5 29. Qe3 a4 30. Qh6 Qf8 31. Qxf8+ Kxf8 $11 {[%mdl 4096] Endgame KRB-KRN} 32. Bc6 a3 33. h3 g5 34. Kf3 Rd3+ 35. Re3 Rd6 36. Bb7 Rd1 37. b4 ({White should play} 37. Re2 $15) 37... cxb4 $17 38. Rb3 Rd2 39. Rxb4 Rb2 40. Rb5 (40. Ra4 $17 {was called for.} Rxa2 41. Ke3) 40... Nd7 $19 ({Don't play} 40... Rxa2 41. Rxb6 Ke7 42. Ra6 $15) 41. Bc6 (41. Rxb2 $142 axb2 42. Be4) 41... Nc5 42. Be4 Rxa2 43. Rxb6 (43. Bxh7 $142 Rd2 44. Bb1) 43... Rd2 44. Rb8+ Ke7 45. Ra8 a2 46. Ke3 Rd1 47. Rxa2 Re1+ 48. Kd4 Nxe4 {KRN-KR} 49. Ra7+ Ke6 50. Ra6+ Ke7 51. Ra7+ $1 Kf6 52. c5 $2 (52. Ra3) 52... Nxf2 53. c6 {White hopes to continue with c7.} Re4+ 54. Kd5 Re5+ $1 55. Kd4 Re8 56. c7 Nxh3 {Hoping for ...g4.} 57. Rb7 $2 {[#]} (57. Kd5 {is a better chance.} Nf2 58. Ra4) 57... Rc8 $1 58. Kd5 Kf5 59. Kd6 Kg4 60. Rb3 Nf2 61. Kd7 {[#]} Rxc7+ $1 62. Kxc7 {KR-KN} Ne4 63. Rb4 f5 64. Kd7 Kxg3 65. Ke6 Kg4 66. Ke5 h5 {[%cal Bh7h5,Bh5h4,Bh4h3,Bh3h2][%mdl 32]} 67. Rb8 h4 68. Rh8 h3 {Black mates.} 69. Kd4 Ng3 70. Ke3 {[#]} h2 $1 {Accuracy: White = 52%, Black = 88%.} 0-1

[Event "18th Prague Open-A 2019"]
[Site "Prague"]
[Date "2019.01.16"]
[Round "7"]
[White "Krivonosov, Oleg"]
[Black "Abdulla, Murad"]
[Result "1-0"]
[WhiteElo "2390"]
[BlackElo "2263"]
[Annotator "NA"]
[PlyCount "101"]
[EventDate "2019.01.11"]
[EventType "swiss"]
[EventCountry "CZE"]
[SourceTitle "playchess.com"]
[Source "ChessBase"]
[SourceQuality "1"]
[TimeControl "40/5400+30:1800+30"]

1. Nf3 {[%emt 0:00:00]} Nf6 {[%emt 0:00:49]} 2. c4 {[%emt 0:00:00]} g6 {[%emt 0:00:10]} 3. Nc3 {[%emt 0:00:00]} d6 {[%emt 0:00:10]} 4. d4 {[%emt 0:00:00]} Bf5 {[%emt 0:00:07]} 5. d5 {[%emt 0:01:33]} Bg7 {[%emt 0:00:07]} 6. Nd4 {[%emt 0:00:05]} Bd7 {[%emt 0:00:08]} 7. e4 {[%emt 0:00:18]} O-O {[%emt 0:00:24]} 8. Be2 {[%emt 0:00:27]} e5 {[%emt 0:00:26]} 9. dxe6 {[%emt 0:01:00]} fxe6 {[%emt 0:00:20]} 10. O-O {[%emt 0:00:40]} e5 {[%emt 0:01:04]} 11. Nc2 {[%emt 0:00:54]} a5 {[%emt 0:03:03]} 12. Be3 {[%emt 0:01:44]} Na6 {[%emt 0:02:52]} 13. Qd2 {[%emt 0:04:30]} Kh8 {[%emt 0:08:55]} 14. Rad1 {[%emt 0:04:00]} Qe8 {[%emt 0:10:24]} 15. f3 {[%emt 0:02:09]} b6 {[%emt 0:07:08]} 16. Nd5 {[%emt 0:01:07]} Rf7 {[%emt 0:09:21]} 17. b3 {[%emt 0:02:55]} Nxd5 {[%emt 0:03:24]} 18. cxd5 {[%emt 0:01:03]} Nc5 {[%emt 0:01:34]} 19. Na3 {[%emt 0:04:11]} Bf6 {[%emt 0:05:36]} 20. Bc4 {[%emt 0:03:54]} Rf8 {[%emt 0:05:46]} 21. Rc1 {[%emt 0:03:01]} Qe7 {[%emt 0:08:06]} 22. Bb5 {[%emt 0:01:45]} Bc8 {[%emt 0:01:09]} 23. Nb1 {[%emt 0:03:37]} g5 {[%emt 0:01:39]} 24. g4 {[%emt 0:00:30]} h5 {[%emt 0:04:11]} 25. h3 {[%emt 0:00:11]} Kg7 {[%emt 0:02:00]} 26. Nc3 {[%emt 0:00:36]} Rh8 {[%emt 0:03:05]} 27. Kg2 {[%emt 0:00:31]} Kg6 {[%emt 0:02:10]} 28. Rh1 {[%emt 0:00:59]} Rh7 {[%emt 0:03:15]} 29. Ne2 {[%emt 0:01:01]} Bb7 {[%emt 0:04:44]} 30. Ng3 {[%emt 0:01:39]} h4 {[%emt 0:03:33]} 31. Nf5 {[%emt 0:00:31]} Qf8 {[%emt 0:00:44]} 32. Rc3 {[%emt 0:01:28]} Ra7 {[%emt 0:01:48]} 33. Rhc1 {[%emt 0:00:29]} Qa8 {[%emt 0:01:20]} 34. R1c2 {[%emt 0:01:15]} Qd8 {[%emt 0:02:44]} 35. Qe2 {[%emt 0:01:39]} Ba6 {[%emt 0:02:40]} 36. Bxa6 {[%emt 0:00:53]} Nxa6 {[%emt 0:00:09]} 37. a3 {[%emt 0:07:21]} Qd7 {[%emt 0:00:51]} 38. Bf2 {[%emt 0:00:41]} Rh8 {[%emt 0:00:26]} 39. Qe3 {[%emt 0:02:01]} Re8 {[%emt 0:00:57]} 40. Bxh4 {[%emt 0:02:31]} Rh8 {[%emt 0:00:42]} 41. Bg3 {[%emt 0:30:11]} Qh7 {[%emt 0:30:38]} 42. Kg1 {[%emt 0:00:15]} Nc5 {[%emt 0:00:00]} 43. Rh2 {[%emt 0:00:00]} Qd7 {[%emt 0:00:00]} 44. h4 {[%emt 0:00:00]} Raa8 {[%emt 0:00:00]} 45. h5+ {[%emt 0:00:00]} Kh7 {[%emt 0:00:00]} 46. Rhc2 {[%emt 0:00:00]} Qb5 {[%emt 0:00:00]} 47. Qe2 {[%emt 0:00:00]} Qxe2 {[%emt 0:00:00]} 48. Rxe2 {[%emt 0:00:00]} Rhb8 {[%emt 0:00:00]} 49. b4 {[%emt 0:00:00]} axb4 {[%emt 0:00:00]} 50. axb4 {[%emt 0:00:00]} Ra1+ {[%emt 0:00:00]} 51. Re1 {[%emt 0:00:00]} 1-0